| 000 | 00880cab a2200205 4500 | ||
|---|---|---|---|
| 001 | ABS41752 | ||
| 008 | 090401t1989 xxu||||| |||| 00| 0 eng d | ||
| 035 | _a(Sirsi) u32245 | ||
| 041 | _aeng | ||
| 245 | _aIndustrial and commercial property | ||
| 260 | _c1989 | ||
| 350 | _a0 | ||
| 490 |
_aInvestors Chronicle _vSurvey 17 November 1989, 79 pages (Loan) |
||
| 520 | _aThis special survey of the commercial and industrial property market s includes articles on rent al trends, property shares and bonds, financing, office , retail , industrial and leisure development , and property finance. Looks at the second generation of business parks and gives a round-up of development in the regions. Concludes with a directory of industrial estates . | ||
| 650 | _aINVESTMENT | ||
| 650 | _aLENDING | ||
| 690 | _aPROPERTY-COMMERCIAL PROPERTY | ||
| 942 | _n0 | ||
| 948 | _c04/03/1997 | ||
| 999 |
_c21641 _d21641 |
||